Нормативные документы в области метрологии (действующие в России по состоянию на 1 января 2008 г.). 2008: полный актуализированный указатель

Xehetasun bibliografikoak
Beste egile batzuk: Сафаров Г. П. (составитель), Томилин А. Ю.
Hizkuntza:errusiera
Argitaratua: Москва, Стандартинформ, 2008
Gaiak:
Formatua: MixedMaterials Liburua
KOHA link:https://koha.lib.tpu.ru/cgi-bin/koha/opac-detail.pl?biblionumber=141605

MARC

LEADER 00000nam0a2200000 4500
001 141605
005 20231031142506.0
035 |a (RuTPU)RU\TPU\book\153499 
090 |a 141605 
100 |a 20080822d2008 k y0rusy50 ca 
101 0 |a rus 
102 |a RU 
105 |a y l 000zy 
200 1 |a Нормативные документы в области метрологии (действующие в России по состоянию на 1 января 2008 г.). 2008  |e полный актуализированный указатель  |f сост. Г. П. Сафаров, А. Ю. Томилин 
210 |a Москва  |c Стандартинформ  |d 2008 
215 |a 158 с. 
610 1 |a метрология 
610 1 |a нормативные документы 
610 1 |a межгосударственные стандарты 
610 1 |a национальные стандарты 
610 1 |a измерения 
610 1 |a средства измерений 
610 1 |a поверка 
610 1 |a метрологическая аттестация 
610 1 |a указатели 
675 |a 621:53.08(083)  |v 3 
702 1 |a Сафаров  |b Г. П.  |4 220 
702 1 |a Томилин  |b А. Ю.  |4 220 
801 1 |a RU  |b 63413507  |c 20080822  |g PSBO 
801 2 |a RU  |b 63413507  |c 20080926  |g PSBO 
942 |c BK